000 00468nam a2200181Ia 4500
001 14129
005 20260306164851.0
008 260306t2015||||xx |||||||||||||| ||spa||
041 _aESP
082 _a501
_bV28
100 _aVanney, Claudia E.
_eAUT
245 0 _aFronteras del determinismo científico:
_bfilosofía y ciencias en diálogo
260 _c2015
300 _a237 páginas :
_c23 cm.
650 _aGEN
654 _aCCN
942 _cLIB
_dJUS
_fJUS
_2ddc
_n
999 _c14129
_d14129